000
00282nam a22001217a 4500
082
_a
621.381 BEN'P
100
_a
BENSON, F. A
_9
41142
245
_a
PROBLEMS IN ELECTRONICS WITH SOLUTIONS
250
_a
4TH
260
_a
LONDON
_b
E & F. N SPON
_c
1967
300
_a
307P
942
_c
BK
999
_c
585113
_d
585113